[Event "Aurangabad MyBrain op 1st"]
[Site "Aurangabad"]
[Date "2018.04.28"]
[Round "2"]
[White "Dongre, Pushkar"]
[Black "Das, Arghyadip"]
[Result "0-1"]
[WhiteElo "1447"]
[BlackElo "2389"]
[PlyCount "64"]
[EventDate "2018.04.28"]
[EventType "swiss (rapid)"]
[EventRounds "9"]
[EventCountry "IND"]
[SourceTitle "CBM 184 Extra"]
[Source "ChessBase"]
[SourceDate "2018.06.28"]
[SourceVersion "1"]
[SourceVersionDate "2018.06.28"]
[SourceQuality "1"]

1. e4 g6 2. d4 Bg7 3. c4 d6 4. Nc3 Nd7 5. f4 e5 6. Nf3 exd4 7. Nxd4 Ngf6 8. Be2 0-0 9. 0-0 c6 10. Kh1 a5 11. a3 Nc5 12. Bf3 a4 13. b4 axb3 14. Nxb3 Nfd7 15. Nxc5 Nxc5 16. Qc2 Be6 17. Bb2 Bxc4 18. Rfd1 Bb3 19. Qd2 Bxd1 20. Rxd1 Qb6 21. Rb1 Qc7 22. Rd1 Rfd8 23. f5 Qe7 24. fxg6 hxg6 25. Qc2 Be5 26. g3 Ne6 27. Kg2 Nd4 28. Qf2 Nxf3 29. Qxf3 Qf6 30. Qd3 Ra6 31. Rf1 Qg7 32. Nd1 Bxb2 0-1